Online
Catalog

Teatro / (Record no. 9859)

MARC details
000 -CABECERA
campo de control de longitud fija 00790cam a2200241 a 4500
001 - NÚMERO DE CONTROL
campo de control 000010100
005 - FECHA Y HORA DE LA ÚLTIMA TRANSACCIÓN
campo de control 20200929161837.0
008 - DATOS DE LONGITUD FIJA--INFORMACIÓN GENERAL
campo de control de longitud fija 780426s1974 ve 001 0 spa
035 ## - NÚMERO DE CONTROL DEL SISTEMA
Número de control de sistema (DLC) 78344301
040 ## - FUENTE DE LA CATALOGACIÓN
Centro catalogador/agencia de origen DO-SdBNP
Centro/agencia transcriptor DLC
Centro/agencia modificador BNPHU
082 ## - NÚMERO DE LA CLASIFICACIÓN DECIMAL DEWEY
Número de clasificación V862.44
Número de documento/Ítem C545t
049 ## - FONDOS LOCALES (OCLC)
Fondos de biblioteca BNGR
100 1# - ENTRADA PRINCIPAL--NOMBRE DE PERSONA
Nombre de persona Chocrón, Isaac E.,
Fechas asociadas al nombre 1932-
9 (RLIN) 22454
245 10 - MENCIÓN DE TÍTULO
Título Teatro /
Mención de responsabilidad, etc. Isaac Chocrón ; selección y prólogo de Francisco Rivera.
260 ## - PUBLICACIÓN, DISTRIBUCIÓN, ETC.
Lugar de publicación, distribución, etc. Caracas :
Nombre del editor, distribuidor, etc. Monte Ávila,
Fecha de publicación, distribución, etc. c1974.
300 ## - DESCRIPCIÓN FÍSICA
Extensión 277 p. ;
Dimensiones 18 cm.
490 1# - MENCIÓN DE SERIE
Mención de serie Estudios
-- Teatro
505 0# - NOTA DE CONTENIDO CON FORMATO
Nota de contenido con formato El quinto infierno--Animales feroces--Asia y el Lejano Oriente.
650 #4 - PUNTO DE ACCESO ADICIONAL DE MATERIA--TÉRMINO DE MATERIA
Término de materia o nombre geográfico como elemento de entrada Teatro venezolano
9 (RLIN) 23074
650 #4 - PUNTO DE ACCESO ADICIONAL DE MATERIA--TÉRMINO DE MATERIA
Término de materia o nombre geográfico como elemento de entrada Literatura venezolana
Subdivisión cronológica SIGLO XX
9 (RLIN) 9777
830 #0 - PUNTO DE ACCESO ADICIONAL DE SERIE-TÍTULO UNIFORME
Título uniforme Estudios,
Nombre de parte o sección de la obra teatro.
9 (RLIN) 25086
910 ## - DATOS DE OPCIÓN DEL USUARIO (OCLC)
Datos de opción del usuario Catalogación por copia / LC
Holdings
Estado de retiro Estado de pérdida Restricciones de uso No para préstamo Código de colección Localización permanente Ubicación/localización actual Ubicación en estantería Fecha de adquisición Número de inventario Total de préstamos Signatura topográfica completa Código de barras Fecha visto por última vez Precio válido a partir de Tipo de ítem Koha
    Préstamo interno   Monografías: Libros y Folletos General General En catalogación 03.10.2009 LF1   V862.44 C545t 10100-10 25.06.2020 25.06.2020 Préstamo interno

Powered by Koha